<?xml version="1.0" encoding="UTF-8"?><?xml-stylesheet type="text/xsl" href="static/style.xsl"?><OAI-PMH xmlns="http://www.openarchives.org/OAI/2.0/" xmlns:xsi="http://www.w3.org/2001/XMLSchema-instance" xsi:schemaLocation="http://www.openarchives.org/OAI/2.0/ http://www.openarchives.org/OAI/2.0/OAI-PMH.xsd"><responseDate>2026-04-27T20:00:12Z</responseDate><request verb="GetRecord" identifier="oai:uvadoc.uva.es:10324/62813" metadataPrefix="marc">https://uvadoc.uva.es/oai/request</request><GetRecord><record><header><identifier>oai:uvadoc.uva.es:10324/62813</identifier><datestamp>2024-06-28T20:01:42Z</datestamp><setSpec>com_10324_38</setSpec><setSpec>col_10324_787</setSpec></header><metadata><record xmlns="http://www.loc.gov/MARC21/slim" xmlns:doc="http://www.lyncode.com/xoai" xmlns:xsi="http://www.w3.org/2001/XMLSchema-instance" xmlns:dcterms="http://purl.org/dc/terms/" xsi:schemaLocation="http://www.loc.gov/MARC21/slim http://www.loc.gov/standards/marcxml/schema/MARC21slim.xsd">
<leader>00925njm 22002777a 4500</leader>
<datafield tag="042" ind1=" " ind2=" ">
<subfield code="a">dc</subfield>
</datafield>
<datafield tag="720" ind1=" " ind2=" ">
<subfield code="a">Gutiérrez del Olmo Villarragut, Clara Inés</subfield>
<subfield code="e">author</subfield>
</datafield>
<datafield tag="260" ind1=" " ind2=" ">
<subfield code="c">2023</subfield>
</datafield>
<datafield tag="520" ind1=" " ind2=" ">
<subfield code="a">En el presente Trabajo Fin de Máster se hace un recorrido histórico para conocer&#xd;
la evolución de los derechos del niño y la participación infantil. Para ello, se realiza un&#xd;
análisis normativo teniendo muy presente en todo momento la participación infantil,&#xd;
aspecto imprescindible a la hora de ejercer dichos derechos. Posteriormente, se presenta&#xd;
la propuesta planteada por UNICEF “Ciudades Amigas de la Infancia”, donde se refleja&#xd;
la importancia de la participación infantil. En el ámbito nacional, se analiza el plan&#xd;
municipal de Valladolid, pues dispone del reconocimiento de “Ciudad Amiga de la&#xd;
Infancia”.&#xd;
Al conocer las necesidades que la ciudad de Valladolid presenta, se plantea un&#xd;
proyecto comunitario de participación infantil para acercar a los niños, las niñas y los&#xd;
adolescentes a su entorno inmediato, desde una perspectiva de cuidado del medio&#xd;
ambiente</subfield>
</datafield>
<datafield tag="024" ind2=" " ind1="8">
<subfield code="a">https://uvadoc.uva.es/handle/10324/62813</subfield>
</datafield>
<datafield tag="245" ind1="0" ind2="0">
<subfield code="a">Derechos de la infancia y participación infantil en el desarrollo comunitario</subfield>
</datafield>
</record></metadata></record></GetRecord></OAI-PMH>